[Event "Challenge"]
[Site "http://www.queenalice.com/game.php?id=1055634"]
[Date "2012.5.3"]
[Round "-"]
[White "Martial"]
[Black "lingerfeltb"]
[Result "1-0"]
[WhiteElo "1479"]
[BlackElo "1293"]

1. e4 e5 2. Nf3 d6 3. Nc3 Nc6 4. Bb5 Bd7 5. O-O Nd4 6. a4 c6 7. Bc4 Bg4 8. h3
Bxf3 9. gxf3 Qh4 10. Kh2 O-O-O 11. Bxf7 Nh6 12. Bc4 g5 13. d3 Rg8 14. Bxg8 Be7
15. a5 Rxg8 16. a6 bxa6 17. Rxa6 Kb7 18. Ra4 Rf8 19. Rb4+ Ka8 20. Qd2 Nxf3+ 21.
Kg2 Nxd2 22. Bxd2 c5 23. Ra4 g4 24. Rh1 Rxf2+ 25. Kg1 1-0

[Event "AUTO-OPEN-2676"]
[Site "http://www.queenalice.com/game.php?id=1055797"]
[Date "2012.5.4"]
[Round "1"]
[White "lingerfeltb"]
[Black "kobra23"]
[Result "0-1"]
[WhiteElo "1500"]
[BlackElo "2351"]

1. e4 e5 2. c3 d5 3. f3 dxe4 4. fxe4 Qh4+ 5. g3 Qxe4+ 6. Qe2 Qxh1 7. Qxe5+ Be7
8. Qxg7 Bf6 9. Bb5+ Nc6 10. Bxc6+ bxc6 11. Kf1 Bh3+ 12. Kf2 Qg2+ 13. Ke3 Qxg1+
14. Kf4 Qf2+ 15. Ke4 Bf5# 0-1

[Event "AUTO-OPEN-2677"]
[Site "http://www.queenalice.com/game.php?id=1056206"]
[Date "2012.5.4"]
[Round "1"]
[White "lingerfeltb"]
[Black "kre"]
[Result "0-1"]
[WhiteElo "1405"]
[BlackElo "1767"]

1. e4 e5 2. d4 exd4 3. Qxd4 Nc6 4. Qc3 Nf6 5. f3 Bb4 6. Bb5 Bxc3+ 7. Kd1 Be5 8.
c3 O-O 9. Nd2 a6 10. Bxc6 dxc6 11. Nh3 h6 12. g4 b5 13. b4 Qd6 14. Bb2 Rd8 15.
Ke2 Qxd2+ 16. Kf1 Qxb2 0-1

[Event "AUTO-OPEN-2677"]
[Site "http://www.queenalice.com/game.php?id=1056207"]
[Date "2012.5.4"]
[Round "1"]
[White "kre"]
[Black "lingerfeltb"]
[Result "1-0"]
[WhiteElo "1765"]
[BlackElo "1412"]

1. d4 d5 2. e3 Nf6 3. Nf3 Nc6 4. Be2 Ne4 5. O-O h5 6. Nbd2 e6 7. Nxe4 dxe4 8.
Nd2 h4 9. h3 g5 10. Nxe4 e5 11. Bc4 f6 12. f4 exd4 13. fxg5 fxg5 14. Qf3 dxe3
15. Qf7# 1-0

[Event "AUTO-OPEN-2677"]
[Site "http://www.queenalice.com/game.php?id=1056208"]
[Date "2012.5.4"]
[Round "1"]
[White "lingerfeltb"]
[Black "FerreiraAzevedo"]
[Result "0-1"]
[WhiteElo "1352"]
[BlackElo "2674"]

1. e4 c5 2. Nf3 Nc6 3. c3 d5 4. d4 dxe4 5. Ne5 Nxe5 6. dxe5 Qxd1+ 7. Kxd1 Bg4+
8. Be2 O-O-O+ 9. Nd2 h5 10. f3 exf3 11. gxf3 Bf5 12. b4 e6 13. Ba3 Ne7 14. Kc1
Nd5 15. Kb2 cxb4 16. Nb1 bxa3+ 17. Nxa3 Ne3 18. Rhe1 Rd2+ 19. Kb3 Bxa3 20. Kxa3
Nc2+ 21. Kb3 Nxa1+ 22. Ka3 Nc2+ 23. Kb2 Nxe1+ 0-1

[Event "AUTO-OPEN-2677"]
[Site "http://www.queenalice.com/game.php?id=1056209"]
[Date "2012.5.4"]
[Round "1"]
[White "FerreiraAzevedo"]
[Black "lingerfeltb"]
[Result "1-0"]
[WhiteElo "2673"]
[BlackElo "1352"]

1. e4 e5 2. Nf3 Nc6 3. Bb5 Nf6 4. O-O Bc5 5. Nxe5 Nxe5 6. d4 Bxd4 7. Qxd4 O-O 8.
Qxe5 c6 9. Bd3 d6 10. Qg3 Re8 11. Bg5 d5 12. e5 Re6 13. Bxf6 Rxf6 14. Qh4 h6 15.
exf6 Qxf6 16. Qxf6 gxf6 17. Nc3 h5 18. Ne2 Bg4 19. Nf4 f5 20. f3 h4 21. fxg4
fxg4 22. Nh5 h3 23. Rf4 hxg2 24. Re1 1-0

[Event "AUTO-INT-2315"]
[Site "http://www.queenalice.com/game.php?id=1056751"]
[Date "2012.5.6"]
[Round "1"]
[White "Corvidae"]
[Black "lingerfeltb"]
[Result "1-0"]
[WhiteElo "1630"]
[BlackElo "1500"]

1. Nf3 d5 2. d4 Nf6 3. Bf4 e6 4. e3 Ne4 5. a3 c5 6. dxc5 Bxc5 7. Nbd2 Nxd2 8.
Qxd2 Nc6 9. b4 a5 10. bxc5 a4 11. Bb5 Bd7 12. O-O Na5 13. Bxd7+ Qxd7 14. Ne5 Qb5
15. Qc3 Rc8 16. Rab1 Qe2 17. Qxa5 O-O 18. Qxa4 Rxc5 19. Nd7 Rxc2 20. Nxf8 Kxf8
21. Bd6+ Kg8 22. Qa8+ Rc8 23. Qxc8# 1-0

[Event "AUTO-INT-2315"]
[Site "http://www.queenalice.com/game.php?id=1056752"]
[Date "2012.5.6"]
[Round "1"]
[White "lingerfeltb"]
[Black "Corvidae"]
[Result "0-1"]
[WhiteElo "1446"]
[BlackElo "1641"]

1. e4 e5 2. d4 exd4 3. Qxd4 Nc6 4. Qd3 Nb4 5. Qc4 b5 6. Qb3 a6 7. a3 Nc6 8. c4
bxc4 9. Qxc4 Rb8 10. Nf3 Bd6 11. Bg5 Be7 12. b4 Bxg5 13. Nxg5 Qxg5 14. Nd2 Nge7
15. Nf3 Qf6 16. Rc1 d6 17. Bd3 Bb7 18. O-O O-O 19. g4 Qxf3 20. Rcd1 Qxg4+ 21.
Kh1 Rbc8 22. Rg1 Qf4 23. Qc2 Nd4 24. Qc3 Qf6 25. Rdf1 g6 26. f4 Kh8 27. f5 gxf5
28. Rg2 Qe5 29. Qe1 Rg8 30. Rfg1 Nf3 31. Qf2 Nxg1 32. Qxg1 Rxg2 33. Qxg2 Rg8 34.
Qh3 Bxe4+ 35. Bxe4 Qxe4+ 36. Qg2 Qxg2# 0-1

[Event "AUTO-INT-2315"]
[Site "http://www.queenalice.com/game.php?id=1056763"]
[Date "2012.5.6"]
[Round "1"]
[White "JD"]
[Black "lingerfeltb"]
[Result "1-0"]
[WhiteElo "1741"]
[BlackElo "1356"]

1. Nf3 d5 2. h3 Nc6 3. d4 Nf6 4. Nc3 e6 5. Bf4 Bb4 6. Nd2 Nxd4 7. e3 Nf5 8. Nb5
c6 9. Nc7+ Qxc7 10. Bxc7 d4 11. Be5 Nh5 12. Qxh5 O-O 13. e4 g6 14. Qg5 Bxd2+ 15.
Kxd2 c5 16. Qf6 1-0

[Event "AUTO-INT-2315"]
[Site "http://www.queenalice.com/game.php?id=1056764"]
[Date "2012.5.6"]
[Round "1"]
[White "lingerfeltb"]
[Black "JD"]
[Result "0-1"]
[WhiteElo "1354"]
[BlackElo "1729"]

1. e4 Nc6 2. Nc3 Nf6 3. d4 e5 4. Nf3 exd4 5. Nxd4 Bc5 6. Be3 b6 7. Nxc6 dxc6 8.
Qxd8+ Kxd8 9. O-O-O+ Bd7 10. Bxc5 bxc5 11. Bc4 Ke7 12. Rhe1 g5 13. Na4 h5 14.
Nxc5 g4 15. g3 Rab8 16. Rd4 Be6 17. Red1 Bxc4 0-1